Can You Name All Hitman WoA Targets? - Statistics

General Stats
  • This quiz has been taken 42 times
    4 since last reset
  • The average score is 95 of 135
Answer Stats
Answers % Correct
Agent Montgomery, The Leader
100%
Agent Swan, The Swan Song
100%
Agent Tremaine, The Sniper
100%
Alexa Christine Carlisle
100%
Allison Moretta, The Ascensionist
100%
Alma Reynard, The Mastermind
100%
Andrea Martínez, The Face
100%
Arthur Edwards, The Constant
100%
Athena Savalas, The CEO
100%
Bartholomew Argus, The Badboy
100%
Bradley Paine
100%
Carl Ingram
100%
Claus Hugo Strandberg, The Banker
100%
Dalia Margolis, The Mastermind
100%
Dawood Rangan, The Showman
100%
Don "Cojones" Archibald Yates
100%
Doris "The Goldfinch" Lee
100%
Erich Soders, The Operative
100%
Ezra Berg, The Interrogator
100%
Francesca De Santis, The Scientist
100%
Harry "Smokey" Bagnato
100%
"Hush"
100%
Imogen Royce
100%
Janus, The Past
100%
Jasper Knight
100%
Jialong Wu, The Infiltrator
100%
Jordan Cross, The Rockstar
100%
Jorge Franco, The Cook
100%
Kalvin "The Sparrow" Ritter
100%
Ken "The Brick" Morgan, The Lawyer
100%
Le "Shadow Banker" Chiffre, The Banker (Mads Mikkelsen)
100%
Lhom "Dragon Eye" Kwai
100%
Ljudmila Vetrova, The Confidence Artist
100%
Marco Abiatti, The Politician
100%
Marcus Stuyvesant
100%
Marv "Slick" Gonif
100%
Maya Parvati, The Instructor
100%
Nolan Cassidy, The Present
100%
Patrick Morgan, The Mercenary
100%
Penelope Graves, The Analyst
100%
Re "Spider Lily" Thak
100%
Reza Zaydan, The General
100%
Rico Delgado, The Boss
100%
Robert Knox, The Inventor
100%
Sean Rose, The Commander
100%
Sierra Knox, The Daredevil
100%
Silvio Caruso, The Genius
100%
Sophia Washington, The Schemer
100%
Steven Bradley, The Bad Boy
100%
Tyson Williams, The Tyrant
100%
Vanya "Queen" Shah, The Queen
100%
Viktor Novikov, The Moneyman
100%
Walter Williams, The Blackmailer
100%
Wazir "The Maelstrom" Kale, The Ghost
100%
Yuki "Yakuza Lawyer" Yamazaki, The Herald
100%
Zoe Washington, The Socialite
100%
Adalrico Candelaria, The Prince
50%
Adeze "Nne Obara" Oijofor, The Warlord
50%
Agent Banner, The Wall
50%
Agent Davenport, The Rookie/The Poisoner
50%
Agent Green, The Scout
50%
Agent Lowenthal, The Englishman
50%
Agent Price, The Trapper
50%
Agent Rhodes, The Veteran
50%
Agent Thames, The Professional
50%
Ajit "AJ" Krish, The Marketeer
50%
Akane Akenawa, The Surgeon
50%
Alexios Laskaridis, The Drop (Dimitri Vegas)
50%
Anthony L. Troutt, The Congressman/The Decievers
50%
Basil Carnaby, The Illusionist
50%
Blair Reddington, The Poacher
50%
Brendan Conner, The Identity Thief
50%
Brother Akram
50%
Craig "The Author" Black
50%
Dame Barbara Elizabeth Keating, The Politician
50%
Dino "The Icon" Bosco, The Thespian
50%
Dmitri Fedorov, The Arms Dealer
50%
Dorian "The Red Robin" Lang
50%
Dylan Narváez, The Twin
50%
Etta Davis, The Angel Of Death
50%
Gabriel Santos, The Chef
50%
Galen Vholes, The Quack
50%
Gary Busey, The Wildcard (as himself)
50%
Gary Lunn, The Enforcer
50%
Guillaume "The Kingfisher" Maison
50%
Howard Moxon, The Broker
50%
Inez Ekwensi, The Gold-Digger
50%
Jack "Jakob Ro" Roe, The Procurers
50%
Ji-Hu, The Fugitive
50%
Jimmy Chen, The Stowaway
50%
Jin "The Blade" Noo
50%
Joanne Bayswater, The Iconoclast/The Perfectionist
50%
John Stubbs, The Veteran
50%
Jonathan Smythe, The Sensation
50%
Klaus Liebleid
50%
Kody Haynes, The Collector
50%
Kong Tuo-Kwang, The Contractor
50%
Lilith Devereux, The Harbinger (Milla Jovovich)
50%
Mark Faba, The Undying (Sean Bean)
50%
Matthieu Mendola, The Architect
50%
Max Valliant, The Splitter (Jean-Claude Van Damme)
50%
Miranda Jamison, The Appraiser
50%
Nila Torvik, The Pharmacist
50%
Noel Crest, The Ronin
50%
Owen "Patient Zero" Cage
50%
Owen "Protagonist" Wagner, The Black Hat
50%
Oybek Nabazov
50%
Pavel Frydel, The Doctor
50%
Pertti Järnefelt, The Bookkeeper
50%
Philip "Mister Giggles" Giggles, The Entertainer
50%
Philo Newcombe, The Heartbreaker
50%
Richard Ekwensi, The Ex-Dictator
50%
Richard J. Magee, The Guru/The Decievers
50%
Richard M. Foreman, The Chameleon
50%
Robert Burk, The Procurers
50%
Roman Khabko
50%
Scott M. Sarno, The Director
50%
Sergei Larin, The Forger
50%
Sinhi "Akka" Venthan, The Corsair
50%
Sister Yulduz
50%
Slim "Eminem" Shady, The Reflection (Marshall Bruce Mathers III)
50%
Sully "The Crusher" Bowden, The Rage
50%
Taheiji Koyama, The Controller
50%
Tamara Vidal
50%
Terrence "Ten Minute Terry" Chesterfield, The Liability
50%
"The Censor", The Serial Killer
50%
"The Disruptor" (Conor McGregor)
50%
Vicente Murillo, The Revolutionary
50%
Vitaly Reznikov
50%
Vito Đurić, The Gunrunner
50%
Walter Menard, The Extractor
50%
Wen Ts'ai, The Food Critic
50%
Xander Haverfoek, The Fixer
50%
Agent Chamberlin, The Joker
0%
Kieran Hudson, The Paparazzo
0%
No matching quizzes found
Score Distribution
Percent of People with Each Score
Percentile by Number Answered
Your Score History
You have not taken this quiz since the last reset